LEADER 02199oam 2200529Ka 450 001 9910714619803321 005 20180920060354.8 024 8 $aGOVPUB-C13-590dac3d03839ce75bf91b25a9759abb 035 $a(CKB)4330000001259041 035 $a(OCoLC)726800048 035 $a(OCoLC)994330000001259041 035 $a(EXLCZ)994330000001259041 100 $a20110523d1942 ua 0 101 0 $aeng 135 $aurbn||||||abp 135 $aurbn||||||ada 181 $ctxt$2rdacontent 182 $cc$2rdamedia 183 $acr$2rdacarrier 200 00$aFire-resistance classifications of building constructions $ereport of Subcommittee on Fire-Resistance Classifications of the Central Housing Committee on Research, Design, and Construction 210 1$aWashington, D.C. :$cU.S. Dept. of Commerce, National Bureau of Standards :$cU.S. Govt. Print. Off.,$d1942. 215 $a1 online resource (ii, 70 pages) 225 1 $aBuilding materials and structures report ;$v92 300 $aContributed record: Metadata reviewed, not verified. Some fields updated by batch processes. 517 $aFire-resistance classifications of building constructions 606 $aBuilding materials$xFires and fire prevention 606 $aConstruction industry$xFires and fire prevention$zUnited States 606 $aFire resistant materials 606 $aConstruction industry$xFires and fire prevention$2fast 606 $aFire resistant materials$2fast 607 $aUnited States$2fast 615 0$aBuilding materials$xFires and fire prevention. 615 0$aConstruction industry$xFires and fire prevention 615 0$aFire resistant materials. 615 7$aConstruction industry$xFires and fire prevention. 615 7$aFire resistant materials. 712 02$aUnited States.$bCentral Housing Committee on Research, Design, and Construction.$bSubcommittee on Fire-Resistance Classifications. 801 0$bOCLCE 801 1$bOCLCE 801 2$bOCLCQ 801 2$bOCLCO 801 2$bOCLCQ 801 2$bOCLCF 906 $aBOOK 912 $a9910714619803321 996 $aFire-resistance classifications of building constructions$93544593 997 $aUNINA